|
|
|
|
| LEADER |
02561 a2200337 4500 |
| 001 |
44183 |
| 003 |
BD-DhAAL |
| 005 |
20250302120541.0 |
| 008 |
250223t20212016ii a|||| b||| 00| 0 eng d |
| 020 |
|
|
|a 9789353509064
|
| 020 |
|
|
|a 9353509068
|
| 040 |
|
|
|a BD-DhAAL
|d BD-DhAAL
|
| 082 |
|
|
|a 515
|2 23
|
| 100 |
|
|
|a Stewart, James.
|9 36302
|
| 245 |
|
|
|a Calculus :
|b early transcendentals /
|c James Stewart, Daniel Clegg, Saleem Watson.
|
| 250 |
|
|
|a Ninth edition.
|
| 260 |
|
|
|a India :
|b Cengage learning India,
|c 2021.
|
| 300 |
|
|
|a xxx, 1214 [A158] pages :
|b illustrations (some color) ;
|c 26 cm
|
| 505 |
|
|
|a Functions and models -- Limits and derivatives -- Differentiation rules -- Applications of differentiation -- Integrals -- Applications of integration -- Techniques of integration -- Further applications of integration -- Differential equations -- Parametric equations and polar coordinates -- Sequences, series, and power series -- Vectors and the geometry of space -- Vector functions -- Partial derivatives -- Multiple integrals -- Vector calculus
|
| 526 |
|
|
|x Md. Rafsanjany Jim
Lecturer
MNS
course name and no.: Mathematics Differential calculus and vector geometry(MAT110)
|
| 541 |
|
|
|a Karim International
|e 44181, 44182,44183
|
| 650 |
|
|
|a Calculus
|x Textbooks.
|9 57790
|
| 650 |
|
|
|a Transcendental functions
|x Textbooks.
|9 57791
|
| 650 |
|
|
|a Mathematics.
|
| 700 |
|
|
|a Watson, Saleem.
|9 57792
|
| 700 |
|
|
|a Clegg, Dan.
|9 57793
|
| 942 |
|
|
|2 ddc
|c BK
|
| 999 |
|
|
|c 47227
|d 47227
|
| 952 |
|
|
|0 0
|1 0
|2 ddc
|4 0
|6 515_000000000000000_STE
|7 0
|9 77375
|a BRACUL
|b BRACUL
|c CIR
|d 2025-02-18
|e Karim International
|g 2260.00
|l 4
|o 515 STE
|p 3010044183
|r 2025-10-09
|s 2025-10-09
|t 3
|v 2260.00
|w 2025-02-18
|y 1HOUR
|x Requisitioned by Md. Rafsanjany Jim, for the course named Course name: ‘Mathematics Differential calculus and vector geometry (MAT 110).’’
|
| 952 |
|
|
|0 0
|1 0
|2 ddc
|4 0
|6 515_000000000000000_STE
|7 0
|9 77376
|a BRACUL
|b BRACUL
|c GEN
|d 2025-02-18
|e Karim International
|g 2260.00
|l 9
|m 22
|o 515 STE
|p 3010044181
|q 2026-05-19
|r 2026-04-15
|s 2026-04-15
|t 1
|v 2260.00
|w 2025-02-18
|y BK
|x Requisitioned by Md. Rafsanjany Jim, for the course named Course name: ‘Mathematics Differential calculus and vector geometry (MAT 110).’’
|
| 952 |
|
|
|0 0
|1 0
|2 ddc
|4 0
|6 515_000000000000000_STE
|7 0
|9 77377
|a BRACUL
|b BRACUL
|c GEN
|d 2025-02-18
|e Karim International
|g 2260.00
|l 3
|m 46
|o 515 STE
|p 3010044182
|q 2026-04-19
|r 2026-02-18
|s 2026-02-18
|t 2
|v 2260.00
|w 2025-02-18
|y BK
|x Requisitioned by Md. Rafsanjany Jim, for the course named Course name: ‘Mathematics Differential calculus and vector geometry (MAT 110).’’
|